El arte es para todos /

Detalles Bibliográficos
Autor principal: Simpson, Martha
Formato: Libro
Lenguaje:Espa�ol
Publicado: [Buenos Aires] : Hachette, c1951
Colección:El Mirador
Materias:
Etiquetas: Agregar Etiqueta
Sin Etiquetas, Sea el primero en etiquetar este registro!

MARC

LEADER 00000nam#a22000001ab4500
001 00005882
003 AR-BaUAD
005 20230908140327.0
008 931102s1951####ag#||||##||||||||#||spa|d
040 |a AR-BaUAD  |b spa  |c AR-BaUAD 
041 |a spa 
044 |c ar  |2 ISO3166-1 
100 1 |a Simpson, Martha 
245 1 3 |a El arte es para todos /  |c [tr. del inglés, por Mario Calés] 
260 |a [Buenos Aires] :  |b Hachette,  |c c1951 
300 |a 181 p., 24 láms. 
490 |a El Mirador 
500 |a Prólogo, por Winthrop Sargeant: p. [9]-10. 
653 |a HISTORIA 
653 |a ARTE 
653 |a PINTURA 
655 |a TEXTO 
852 |c 117-2 
952 |0 0  |1 0  |4 0  |6 1172  |7 0  |9 7075  |a AR-BaUAD  |b AR-BaUAD  |d 0000-00-00  |e compra Ateneo  |i 5882  |l 0  |o 117-2  |p fhpga5882  |r 2023-09-08 14:03:27  |w 2023-09-08  |y BK 
952 |0 0  |1 0  |4 0  |7 0  |9 7076  |a AR-BaUAD  |b AR-BaUAD  |d 2023-09-08  |i 26-761  |l 0  |p g831s26-761  |r 2023-09-08 14:03:27  |w 2023-09-08  |y BK 
952 |0 0  |1 0  |4 0  |7 0  |9 7077  |a AR-BaUAD  |b AR-BaUAD  |d 2023-09-08  |i 26762. Dado de baja. Exp. 206130  |l 0  |p 2qvft26762. Dado de   |r 2023-09-08 14:03:27  |w 2023-09-08  |y BK 
952 |0 0  |1 0  |4 0  |7 0  |9 7078  |a AR-BaUAD  |b AR-BaUAD  |d 2023-09-08  |i 26-763  |l 0  |p tkofp26-763  |r 2023-09-08 14:03:27  |w 2023-09-08  |y BK 
952 |0 0  |1 0  |4 0  |7 0  |9 7079  |a AR-BaUAD  |b AR-BaUAD  |d 2023-09-08  |i 26-764  |l 0  |p hvtjz26-764  |r 2023-09-08 14:03:27  |w 2023-09-08  |y BK 
990 |a Ej. No1 : 5882 . 31/12/1956 -- compra Ateneo -- (17,60 pesos).  |b ADM 
990 |a Ej. No2 : 26-761 .  |b ADM 
990 |a Ej. No3 : 26762. Dado de baja. Exp. 206130/74 el 30/8/1976 .  |b ADM 
990 |a Ej. No4 : 26-763 .  |b ADM 
990 |a Ej. No5 : 26-764 .  |b ADM 
990 |a A195  |b TD 
990 |a AAQ00005882  |b CC 
998 |a AAQ  |b Bibun 76 
942 |c BK 
999 |c 3150  |d 3150